Katalog der Fiskalmarken von Preussen (Record no. 1701)

000 -LEADER
fixed length control field 00544nam a22001097a 4500
008 - FIXED-LENGTH DATA ELEMENTS--GENERAL INFORMATION
fixed length control field 150824b xxu||||| |||| 00| 0 eng d
100 ## - MAIN ENTRY--AUTHOR'S NAME
Author's Name Erler, Martin
245 ## - TITLE STATEMENT
Title Katalog der Fiskalmarken von Preussen
260 ## - PUBLICATION, DISTRIBUTION, ETC. (IMPRINT)
Place of publication, distribution, etc. Icking, Germany
Name of publisher, distributor, etc. ORA Verlag
Date of publication, distribution, etc. 1975
500 ## - GENERAL NOTE
Materials specified Text in German: Catalogue of the fiscal stamps of Prussia.
650 ## - TOPICAL TERM (Tag)
Topical term or geographic name Germany | Prussia (1850-1868) | Prussia | North German Confederation (1868-1871) | German States | Revenues 19th Century | 20th Century | Overprints and Surcharges | Cinderella Material | Catalogs and Price Lists
Holdings
Withdrawn status Lost status Source of classification or shelving scheme Damaged status Koha normalized classification for sorting Not for loan Permanent Location Current Location Date acquired Total Checkouts Full call number Barcode Date last seen Price effective from
        G6081 R451 E69   Northern Philatelic Library Northern Philatelic Library 08/24/2015   G6081 .R451 E69 1001971 08/24/2015 08/24/2015

Powered by Koha